| 000 | 00595 a2200169 4500 | ||
|---|---|---|---|
| 020 | _a0521389909 | ||
| 020 | _a9780521389907 | ||
| 082 | _a530.156356 | ||
| 090 |
_c1612 _d1612 |
||
| 100 | 1 | _aGuillemin, Victor. | |
| 245 | 1 | 0 |
_aSymplectic techniques in physics / _cVictor Guillemin, Shlomo Sternberg. |
| 260 |
_a[S.l.] : _bCambridge University Press, _c1990. |
||
| 300 |
_a484 p. ; _c23 cm. |
||
| 700 | 1 | _aSternberg, Shlomo. | |
| 942 |
_aSNS _cBK _k530.156356 GUI |
||
| 999 |
_c30221 _d30221 |
||